La visita de Osito / (Registro nro. 11897)

Detalles MARC
000 -LEADER
fixed length control field 01004nam a22002897a 4500
001 - CONTROL NUMBER
control field 000680
003 - CONTROL NUMBER IDENTIFIER
control field DO-SdBNP
005 - DATE AND TIME OF LATEST TRANSACTION
control field 20180209111132.0
007 - PHYSICAL DESCRIPTION FIXED FIELD--GENERAL INFORMATION
fixed length control field 000680
008 - FIXED-LENGTH DATA ELEMENTS--GENERAL INFORMATION
fixed length control field 161110b 1994 mx a ||||| |||| 00| 0 spa d
020 ## - INTERNATIONAL STANDARD BOOK NUMBER
International Standard Book Number 9681906233
040 ## - CATALOGING SOURCE
Original cataloging agency BPMSU
Language of cataloging spa
Transcribing agency BPMSU
100 1# - MAIN ENTRY--PERSONAL NAME
Personal name Holmelund Minarik, Else
240 1# - UNIFORM TITLE
Uniform title <a href="Little Bear's visit.">Little Bear's visit.</a>
Language of a work Español
245 10 - TITLE STATEMENT
Title La visita de Osito /
Statement of responsibility, etc. Else Holmelund Minarik ; ilustraciones de Maurice Sendak ; traducción, María Puncel.
260 ## - PUBLICATION, DISTRIBUTION, ETC. (IMPRINT)
Place of publication, distribution, etc. Maéxico :
Name of publisher, distributor, etc. Alfaguara,
Date of publication, distribution, etc. 1994.
Date of manufacture 2ª reimp. 1999
300 ## - PHYSICAL DESCRIPTION
Extent 64 p. :
Other physical details il. ;
Dimensions 19 cm.
490 1# - SERIES STATEMENT
Series statement Infantil Alfaguara
500 ## - GENERAL NOTE
General note Para niños a partir de los 6 años.
500 ## - GENERAL NOTE
General note Segunda reimpresión: septiembre de 1999.
500 ## - GENERAL NOTE
General note Incluye datos biográficos de la autora en la solapa de la contracubierta
700 12 - ADDED ENTRY--PERSONAL NAME
Personal name Sendak, Maurice,
Relator term il.
830 #0 - SERIES ADDED ENTRY--UNIFORM TITLE
Uniform title Infantil Alfaguara
942 ## - ADDED ENTRY ELEMENTS (KOHA)
Source of classification or shelving scheme Dewey Decimal Classification
Koha item type Libros
945 ## - LOCAL PROCESSING INFORMATION (OCLC)
a Inventariado, 2018 /LP
956 ## - LOCAL ELECTRONIC LOCATION AND ACCESS (OCLC)
Host name LOPEREZ
Access number 10
Compression information 20161110
Processor of request BPMSU
Existencias
Withdrawn status Lost status Source of classification or shelving scheme Damaged status Not for loan Collection code Home library Current library Date acquired Source of acquisition Total Checkouts Barcode Date last seen Price effective from Koha item type
    Dewey Decimal Classification     Colección Infantil General Biblioteca Pública Metropolitana Salomé Ureña Biblioteca Pública Metropolitana Salomé Ureña 11/10/2016 Donación   BPMSU16111175 11/10/2016 11/10/2016 Libros